00248nam a22001097a 4500003000500000038001300005082001300018100002000031245004700051260002700098300001300125NUST aM.Ramzan a624bBRE aBrenner, Brian. aBridginess more of the civil engineering  avirginia:bAS|CEc2009 a227 p, :